| 000 | 00595nam a2200229 i 4500 | ||
|---|---|---|---|
| 001 | bg | ||
| 100 | 1 | _aSTRUTT, Peter | |
| 245 | 1 | 0 |
_aBusiness grammar and usage : _bbusiness English / _cPeter Strutt. |
| 260 |
_aHarlow : _bLongman, _c2000. |
||
| 300 |
_a221 s. : _brys. ; _c30 cm. |
||
| 490 | 1 | _aMarket Leader | |
| 650 | 9 |
_aJęzyk angielski _xgramatyka |
|
| 655 | _aPodręczniki | ||
| 830 | _aMarket Leader | ||
| 020 | _a0582365759 | ||
| 040 | _cBPK | ||
| 041 | 0 | _aen | |
| 080 | _a811.111'36(07) | ||
| 920 | _a0-582-36575-9 | ||
| 942 | _cKS | ||
| 008 | s pl f |000 0 pol | ||
| 999 |
_c37654 _d37654 |
||